000
00309nam a2200109Ia 4500
008
201224s9999 xx 000 0 und d
100
_a
Corsi, J.R : Lippman, Mathew Ross
245
0
_a
Constitutional Law: A Political Science case book
260
_a
Englewood Cliffs
_b
Prentice Hall
300
_a
664
942
_c
BK
999
_c
8790
_d
8790